Electromangetic Fields and waves (Record no. 58839)

MARC details
000 -LEADER
fixed length control field 00383pam a2200145 a 4500
020 ## - INTERNATIONAL STANDARD BOOK NUMBER
International Standard Book Number 8122404685
Terms of availability
041 ## - LANGUAGE CODE
Language code of text/sound track or separate title eng
082 ## - DEWEY DECIMAL CLASSIFICATION NUMBER
Classification number 530.141
Item number SAR
100 ## - MAIN ENTRY--PERSONAL NAME
Personal name Sarvate V.,
Relator term author.
245 ## - TITLE STATEMENT
Title Electromangetic Fields and waves
Medium Donate Books
260 ## - PUBLICATION, DISTRIBUTION, ETC.
Place of publication, distribution, etc. New Delhi
Name of publisher, distributor, etc. Wiley India Pvt. Ltd.,
Date of publication, distribution, etc. 1993
300 ## - PHYSICAL DESCRIPTION
Extent xv/457:
Other physical details p.b.;
Dimensions 23*15.
653 ## - INDEX TERM--UNCONTROLLED
Uncontrolled term Electromagnetics
930 ## - EQUIVALENCE OR CROSS-REFERENCE-UNIFORM TITLE HEADING [LOCAL, CANADA]
Uniform title 15618
Holdings
Withdrawn status Lost status Damaged status Not for loan Collection Home library Current library Shelving location Date acquired Source of acquisition Total Checkouts Full call number Barcode Date last seen Copy number Price effective from Koha item type
        EWP College of Engineering for Women, Pune College of Engineering for Women, Pune D-DON-3 03/03/2015 Smt. Gogate   530.141 SAR EWP-D177 24/02/2023 1 24/02/2023 Book